<?xml version="1.0" encoding="UTF-8"?>
<record
    xmlns:xsi="http://www.w3.org/2001/XMLSchema-instance"
    xsi:schemaLocation="http://www.loc.gov/MARC21/slim http://www.loc.gov/standards/marcxml/schema/MARC21slim.xsd"
    xmlns="http://www.loc.gov/MARC21/slim">

  <leader>04068nam a2200481 i 4500</leader>
  <controlfield tag="001">DIGSLX0241</controlfield>
  <controlfield tag="003">NyNyDIG</controlfield>
  <controlfield tag="007">cr |||||||||||</controlfield>
  <controlfield tag="008">200515s2018    sp a    ob    000 0 spa d</controlfield>
  <controlfield tag="006">m     o  d        </controlfield>
  <datafield tag="035" ind1=" " ind2=" ">
    <subfield code="a">(OCoLC)1157004961</subfield>
  </datafield>
  <datafield tag="040" ind1=" " ind2=" ">
    <subfield code="a">DGITA</subfield>
    <subfield code="b">eng</subfield>
    <subfield code="e">rda</subfield>
    <subfield code="e">pn</subfield>
    <subfield code="c">DGITA</subfield>
  </datafield>
  <datafield tag="020" ind1=" " ind2=" ">
    <subfield code="z">9788477379317</subfield>
  </datafield>
  <datafield tag="020" ind1=" " ind2=" ">
    <subfield code="z">8477379319</subfield>
  </datafield>
  <datafield tag="043" ind1=" " ind2=" ">
    <subfield code="a">e-sp---</subfield>
  </datafield>
  <datafield tag="050" ind1="1" ind2="4">
    <subfield code="a">DP86.C9 ebook</subfield>
  </datafield>
  <datafield tag="082" ind1="1" ind2="4">
    <subfield code="a">327</subfield>
  </datafield>
  <datafield tag="245" ind1="0" ind2="0">
    <subfield code="a">Relaciones bilaterales Espa&#xF1;a-Cuba :</subfield>
    <subfield code="b">(siglo XX) /</subfield>
    <subfield code="c">Jos&#xE9; Manuel Azcona Pastor, Israel Escalona Ch&#xE1;dez, M&#xF3;nica Garc&#xED;a Salgado (eds.)</subfield>
  </datafield>
  <datafield tag="264" ind1=" " ind2="1">
    <subfield code="a">Madrid :</subfield>
    <subfield code="b">S&#xED;lex,</subfield>
    <subfield code="c">2018.</subfield>
  </datafield>
  <datafield tag="300" ind1=" " ind2=" ">
    <subfield code="a">1 online resource :</subfield>
    <subfield code="b">illustrations.</subfield>
  </datafield>
  <datafield tag="336" ind1=" " ind2=" ">
    <subfield code="a">text</subfield>
    <subfield code="b">txt</subfield>
    <subfield code="2">rdacontent</subfield>
  </datafield>
  <datafield tag="337" ind1=" " ind2=" ">
    <subfield code="a">computer</subfield>
    <subfield code="b">c</subfield>
    <subfield code="2">rdamedia</subfield>
  </datafield>
  <datafield tag="338" ind1=" " ind2=" ">
    <subfield code="a">online resource</subfield>
    <subfield code="b">cr</subfield>
    <subfield code="2">rdacarrier</subfield>
  </datafield>
  <datafield tag="347" ind1=" " ind2=" ">
    <subfield code="a">text file</subfield>
    <subfield code="2">rdaft</subfield>
  </datafield>
  <datafield tag="347" ind1=" " ind2=" ">
    <subfield code="b">PDF</subfield>
  </datafield>
  <datafield tag="490" ind1="1" ind2=" ">
    <subfield code="a">Colecci&#xF3;n S&#xED;lex universidad</subfield>
  </datafield>
  <datafield tag="504" ind1=" " ind2=" ">
    <subfield code="a">Includes bibliographical references.</subfield>
  </datafield>
  <datafield tag="505" ind1="0" ind2=" ">
    <subfield code="a">Jos&#xE9; Mart&#xED; en la encrucijada hist&#xF3;rica entre dos siglos / Israel Escalona Ch&#xE1;dez y Jorge Miguel Puente Reyes -- La labor consular de Espa&#xF1;a en la mayor de las Antillas (1902-1912) / Rub&#xE9;n Lahullier Chaviano -- La colonia espa&#xF1;ola en la propiedad y financiaci&#xF3;n de la industria azucarera (1898-1914) / Antonio Santamar&#xED;a Garc&#xED;a -- La diplomacia hispano-cubana (1902-1931) : negocios, pol&#xED;tica y sociedad / Hilda Otero Abreu -- La diplomacia cubana y las negociaciones del tratado comercial hispano-cubano de 1927 / Servando Vald&#xE9;s S&#xE1;nchez -- Epistolarios cr&#xED;ticos : espa&#xF1;oles en la renovaci&#xF3;n modernista cubana de las primeras d&#xE9;cadas del siglo XX / Aim&#xE9; M. Vena Palmero y Rodolfo Tamayo Castellanos -- La mentalidad en torno a la inserci&#xF3;n del inmigrante espa&#xF1;ol en la sociedad cubana (1902-1933) : el caso de Santiago de Cuba / M&#xF3;nica de la Caridad Garc&#xED;a Salgado -- Inmigraci&#xF3;n gallega y minas de hierro en el suroriente cubano (1902-1930) / Manuel Fern&#xE1;ndez Carcass&#xE9;s -- La inmigraci&#xF3;n vasco-navarra (1898-1936) / Jos&#xE9; Manuel Azcona Pastor -- Otra dimensi&#xF3;n de las relaciones Cuba-Espa&#xF1;a : una visi&#xF3;n desde la prensa santiaguera (1902-1933) / Maithe S&#xE1;nchez Garrido y Yasmani Silva La O -- El nacionalismo catal&#xE1;n y Cuba / Leonor Amaro Cano y Lourdes Morales Fr&#xED;as -- Falangismo y republicanismo espa&#xF1;ol en Cuba entre 1936 y 1939 : el caso de la regi&#xF3;n de Santiago de Cuba / Manuel Pevida Pupo -- Las relaciones Cuba y Espa&#xF1;a durante el periodo de la Segunda Guerra Mundial (1939-1945) / Octavio L&#xF3;pez Fonseca y Luz Elena Cobo &#xC1;lvarez -- El pensamiento filos&#xF3;fico de Jos&#xE9; Ortega y Gasset y Jos&#xE9; del Perojo Figueras bajo la perspectiva de Medardo Vitier / Eliannys Zamora Ar&#xE9;valo -- Las relaciones entre la Espa&#xF1;a de Franco y la Cuba de Fulgencio Batista ; Como en los viejos tiempos : Cuba regresa a Espa&#xF1;a / Katia Figueredo Cabrera -- Notas preliminares sobre la visita de Adolfo Su&#xE1;rez a Cuba / Mar&#xED;a Cristina Hierrezuelo Planas y Edilinda Chac&#xF3;n Campbell -- La posici&#xF3;n com&#xFA;n europea en las relaciones Espa&#xF1;a-Cuba (1996-2016) / Alexander Hern&#xE1;ndez Delgado -- Cuba y Checoslovaquia durante la Guerra Fr&#xED;a en las fuentes checoslovacas : un estudio de caso / Josef Opatrn&#xFD; y Sigfrido V&#xE1;zquez Cienfuegos.</subfield>
  </datafield>
  <datafield tag="588" ind1="0" ind2=" ">
    <subfield code="a">Online resource; title from PDF title page (Digitalia, viewed May 15, 2020)</subfield>
  </datafield>
  <datafield tag="651" ind1=" " ind2="0">
    <subfield code="a">Spain</subfield>
    <subfield code="x">Relations</subfield>
    <subfield code="z">Cuba</subfield>
    <subfield code="x">History</subfield>
    <subfield code="y">20th century.</subfield>
  </datafield>
  <datafield tag="651" ind1=" " ind2="0">
    <subfield code="a">Cuba</subfield>
    <subfield code="x">Relations</subfield>
    <subfield code="z">Spain</subfield>
    <subfield code="x">History</subfield>
    <subfield code="y">20th century.</subfield>
  </datafield>
  <datafield tag="655" ind1=" " ind2="0">
    <subfield code="a">Electronic books.</subfield>
  </datafield>
  <datafield tag="700" ind1="1" ind2=" ">
    <subfield code="a">Azcona Pastor, Jos&#xE9; Manuel,</subfield>
    <subfield code="e">editor.</subfield>
  </datafield>
  <datafield tag="700" ind1="1" ind2=" ">
    <subfield code="a">Escalona Ch&#xE1;dez, Israel,</subfield>
    <subfield code="d">1962-</subfield>
    <subfield code="e">editor.</subfield>
  </datafield>
  <datafield tag="700" ind1="1" ind2=" ">
    <subfield code="a">Garc&#xED;a Salgado, M&#xF3;nica,</subfield>
    <subfield code="e">editor.</subfield>
  </datafield>
  <datafield tag="791" ind1="2" ind2=" ">
    <subfield code="a">Digitalia (Firm),</subfield>
    <subfield code="e">distributor.</subfield>
  </datafield>
  <datafield tag="793" ind1="0" ind2=" ">
    <subfield code="g">Digitalia eBook Collection:</subfield>
    <subfield code="a">S&#xED;lex Ediciones</subfield>
  </datafield>
  <datafield tag="776" ind1="0" ind2="8">
    <subfield code="i">Print version:</subfield>
    <subfield code="t">Relaciones bilaterales Espa&#xF1;a-Cuba.</subfield>
    <subfield code="d">Madrid : S&#xED;lex, 2018</subfield>
    <subfield code="z">9788477379317</subfield>
    <subfield code="w">(DLC)  2018457144</subfield>
    <subfield code="w">(OCoLC)1090201762</subfield>
  </datafield>
  <datafield tag="830" ind1=" " ind2="0">
    <subfield code="a">S&#xED;lex universidad.</subfield>
  </datafield>
  <datafield tag="856" ind1="4" ind2="0">
    <subfield code="3">Digitalia Hisp&#xE1;nica</subfield>
    <subfield code="u">https://www.digitaliapublishing.com/a/63037/</subfield>
  </datafield>
  <datafield tag="910" ind1=" " ind2=" ">
    <subfield code="a">Premium collection: 2020</subfield>
  </datafield>
  <datafield tag="942" ind1=" " ind2=" ">
    <subfield code="c">RAA</subfield>
  </datafield>
  <datafield tag="952" ind1=" " ind2=" ">
    <subfield code="0">0</subfield>
    <subfield code="1">0</subfield>
    <subfield code="4">0</subfield>
    <subfield code="7">0</subfield>
    <subfield code="8">DEH</subfield>
    <subfield code="a">BD-UIN</subfield>
    <subfield code="b">BD-UIN</subfield>
    <subfield code="d">2025-04-25</subfield>
    <subfield code="l">0</subfield>
    <subfield code="r">2025-04-25</subfield>
    <subfield code="w">2025-04-25</subfield>
    <subfield code="y">RAA</subfield>
  </datafield>
  <datafield tag="999" ind1=" " ind2=" ">
    <subfield code="c">258904</subfield>
    <subfield code="d">258904</subfield>
  </datafield>
</record>
